000 00725nam a2200205 a 4500
008 170119s1999 ||||||||||||||||| || u
020 _a9781899618323
050 _aQA 491 Cox
100 _aCoxeter, H.S.M
245 1 4 _aThe fifty-nine icosahedra. (3rd edition)
_cBy H.S.M. Coxeter; P. Du Val; H.T Flather and J.F. Petrie
250 _a3rd ed.
260 _aNorfolk
_bTarquin Publications
_c1999
300 _a75p.: ill.
650 _aICOSAHEDRA
650 _aSOLID GEOMETRY
700 _aDu Val, Patrick
700 _aFlather, H.T.
700 _aPetrie, J. F
995 _FCBU-MAIN LIBRARY (Kitwe)
_M1
_UAVAILABLE
_WFeb 24, 2017
_ZMain Library Open Access Collection
999 _c43260
_d43260